| 000 | 00538nam a22001937a 4500 | ||
|---|---|---|---|
| 003 | KOHA_MİRAKIL | ||
| 005 | 20250429175701.0 | ||
| 008 | 250429b tu ||||| |||| 00| 0 tur d | ||
| 020 | _a9786056846250 | ||
| 040 |
_aTR-AnABB _btur _cTR-AnABB |
||
| 041 | _atur | ||
| 082 |
_a928 _bSUB 2019 |
||
| 100 | 1 | _aSubaşı, Muhsin İlyas, | |
| 245 | 1 | 0 |
_aOğuz'un altın sesi Necip Fazıl / _cMuhsin İlyas Subaşı |
| 260 |
_aİstanbul : _bMihrabad, _c2019 |
||
| 300 |
_a191 sayfa ; _c21 cm |
||
| 650 | 0 | 4 | _aBiyografi |
| 942 |
_2ddc _cBK |
||
| 999 |
_c8874 _d8874 |
||
| 900 | _bGizem YORULMAZ | ||